000
00226 a2200097 4500
001
43027
100
_a
Geary A
245
_a
Mathematics for technical students
260
_a
New York
_b
Longman green
_c
090
_c
26899
_d
26899
942
_a
NUST-CAE
_c
M
_c
18778
999
_c
278100
_d
278100